[Event "Pune All India op 3rd"]
[Site "Pune"]
[Date "2019.04.29"]
[Round "2"]
[White "Advait, Prashant Patil"]
[Black "Muthaiah, Al"]
[Result "0-1"]
[WhiteElo "1432"]
[BlackElo "2423"]
[PlyCount "58"]
[EventDate "2019.04.29"]
[EventType "swiss"]
[EventRounds "8"]
[EventCountry "IND"]
[SourceTitle "CBM 190 Extra"]
[Source "ChessBase"]
[SourceDate "2019.07.15"]
[SourceVersion "1"]
[SourceVersionDate "2019.07.15"]
[SourceQuality "1"]

1. e4 c5 2. Nc3 Nc6 3. f4 e6 4. Nf3 d5 5. e5 Nh6 6. d3 b5 7. Bd2 a6 8. g3 Nf5 9. Bg2 h5 10. Ne2 h4 11. c3 h3 12. Bf1 d4 13. cxd4 Bb7 14. Rg1 Nb4 15. Nc3 Nxd4 16. Be2 Nxd3+ 17. Kf1 Nxb2 18. Qc1 Nxf3 19. Bxf3 Bxf3 20. Qxb2 Qd4 21. Qc2 0-0-0 22. Be1 b4 23. Na4 Qxa1 24. Nxc5 Qd1 25. Qc4 Bg2+ 26. Rxg2 hxg2+ 27. Kxg2 Qd5+ 28. Qxd5 Rxd5 29. Nxa6 Rb5 0-1

[Event "IND-ch U09 op 32nd"]
[Site "Ranchi"]
[Date "2018.09.18"]
[Round "5.8"]
[White "Advait, Prashant Patil"]
[Black "Tanish, Sai Kavuru"]
[Result "0-1"]
[WhiteElo "1278"]
[BlackElo "1397"]
[PlyCount "122"]
[EventDate "2018.09.15"]
[EventType "swiss"]
[EventRounds "11"]
[EventCountry "IND"]
[SourceTitle "EXT 2024"]
[Source "ChessBase"]
[SourceDate "2023.10.10"]
[SourceVersion "1"]
[SourceVersionDate "2023.10.10"]
[SourceQuality "1"]

1. e4 c5 2. Nc3 Nc6 3. f4 g6 4. Nf3 Bg7 5. Bb5 Nd4 6. 0-0 a6 7. Bc4 d6 8. Ng5 e6 9. d3 h6 10. Nf3 b5 11. Bb3 Ne7 12. Nxd4 Bxd4+ 13. Kh1 Bg7 14. Ne2 0-0 15. c3 Bb7 16. Be3 Qc7 17. Bc2 Rac8 18. Rc1 Ba8 19. Qe1 Qb7 20. Qf2 f5 21. Ng3 e5 22. d4 exf4 23. Bxf4 h5 24. h4 Bf6 25. Bh6 Rf7 26. Ne2 fxe4 27. Ng3 e3 28. Bxe3 Rcf8 29. Ne4 Nf5 30. Bg5 Bxg5 31. hxg5 Ng3+ 32. Qxg3 Rxf1+ 33. Rxf1 Rxf1+ 34. Kh2 Qe7 35. Nf6+ Kg7 36. Qd3 Rf5 37. Qg3 Rxg5 38. Qxg5 Qxf6 39. Qxf6+ Kxf6 40. dxc5 dxc5 41. Kg3 g5 42. Bd1 g4 43. Kh4 Bxg2 44. Kxh5 Bf3 45. Bxf3 gxf3 46. Kg4 f2 47. Kg3 f1Q 48. a3 Qd3+ 49. Kf2 Qc2+ 50. Ke3 Qxb2 51. Kd3 c4+ 52. Kd4 Qf2+ 53. Ke4 Ke6 54. a4 Qh4+ 55. Ke3 bxa4 56. Kf3 a3 57. Kg2 a2 58. Kf3 a1Q 59. Ke3 Qxc3+ 60. Ke2 Qh2+ 61. Kd1 Qa1# 0-1